000 00313nam a22001337a 4500
008 181012b xxu||||| |||| 00| 0 eng d
020 _a9780721647470
041 _aeng
080 _a617
100 _a8
101 _aOFT
245 _aSpecialty Contact Lenses: A Fitter's Guide
_cSchwartz,C.A
942 _2udc
_cBK
999 _c49468
_d49468